000 00949nas a2200289 4500
001 BR0202699
003 BR-BrBNA
005 20231205103009.0
007 ta
008 230509b bl.|||p| |||| 00| 00por d
040 _aBR-BrBNA
_bpor
_cBiblioteca Nacional de Agricultura
041 _a(Pt)
072 _aL01
100 1 _aFurlan, R.L.
100 1 _aCarvalho, N.C.
100 1 _aMalheiros, E.B.
100 1 _aMacari, M.
245 1 _aEfeito da restrição alimentar inicial e da temperatura ambiente sobre o desenvolvimento de vísceras e ganho compensatório em frangos de corte
650 _aFRANGO DE CORTE
650 _aVÍSCERA
650 _aTEMPERATURA
650 _aAPARELHO DIGESTIVO
650 _aGANHO DE PESO
773 0 _tArquivo Brasileiro de Medicina Veterinária e Zootecnia (Brazil)
_xISSN 0102-0935
_g(Aug 2001), v. 53(4) p. 492-498
_wBR0202699
909 _a202311
_bLúcia
_c55
_dLúcia Elande
942 _2AGRIS
_n0
_cANA
999 _c170461
_d170461